| 000 -LEADER |
| fixed length control field |
02022nam a22004217a 4500 |
| 003 - CONTROL NUMBER IDENTIFIER |
| control field |
OSt |
| 005 - DATE AND TIME OF LATEST TRANSACTION |
| control field |
20180908121342.0 |
| 008 - FIXED-LENGTH DATA ELEMENTS--GENERAL INFORMATION |
| fixed length control field |
180220b xxu||||| |||| 00| 0 spa d |
| 020 ## - INTERNATIONAL STANDARD BOOK NUMBER |
| International Standard Book Number |
9501417069 |
| 040 ## - CATALOGING SOURCE |
| Transcribing agency |
PJ |
| 245 13 - MENCIÓN DE TÍTULO |
| Título propiamente dicho |
El amparo constitucional : |
| Mención de responsabilidad, etc |
perspectivas y modalidades / |
| Parte restante del título |
Germán J. Bidart Campos... [et al.]; prólogo del Dr. Néstor P. Sagüés. |
| 260 ## - PUBLICATION, DISTRIBUTION, ETC. (IMPRINT) |
| Place of publication, distribution, etc |
Buenos Aires : |
| Date of publication, distribution, etc |
Depalma, |
| Name of publisher, distributor, etc |
2000. |
| 300 ## - DESCRIPCION FISICA |
| Extent |
ix, 271 p. |
| Dimensions |
23 cm. |
| 500 ## - NOTA GENERAL |
| General note |
Notas y citas a pie de página. |
| 500 ## - NOTA GENERAL |
| General note |
Más información de portada: Art. 43 de la Constitución Nacional. |
| 505 ## - FORMATTED CONTENTS NOTE |
| Title |
La fuerza normativa de la Constitución / |
| Statement of responsibility |
Germán Bidart Campos. |
| 505 ## - FORMATTED CONTENTS NOTE |
| Title |
Los efectos expansivos de la cosa juzgada en la acción de amparo / |
| Statement of responsibility |
Néstor Pedro Sagués. |
| 505 ## - FORMATTED CONTENTS NOTE |
| Title |
La legitimación activa en el art. 43 de la Constitución nacional / |
| Statement of responsibility |
Maximiliano Toricelli. |
| 505 ## - FORMATTED CONTENTS NOTE |
| Title |
A propósito del rechazo "in limine" en el amparo / |
| Statement of responsibility |
María Mercedes Serra. |
| 505 ## - FORMATTED CONTENTS NOTE |
| Title |
Posibilidades que ofrece la acción de amparo para la protección y defensa del consumidor / |
| Statement of responsibility |
Noemí Lidia Nicolau. |
| 505 ## - FORMATTED CONTENTS NOTE |
| Title |
Los intereses difusos en el art. 43 de la Constitución nacional / <br/> |
| Statement of responsibility |
Mario Eugenio Chaumet.<br/> |
| -- |
Alejandro Aldo Minicocci. |
| 505 ## - FORMATTED CONTENTS NOTE |
| Title |
El hábeas data en el constitucionalismo indoiberoamericano finisecular / |
| Statement of responsibility |
Oscar Raúl Pucchinelli. |
| 650 #0 - ASIENTO SECUNDARIO DE MATERIA - TERMINO TEMATICO |
| 9 (RLIN) |
267 |
| Topical term or geographic name as entry element |
DERECHO PROCESAL |
| 650 #0 - ASIENTO SECUNDARIO DE MATERIA - TERMINO TEMATICO |
| 9 (RLIN) |
178 |
| Topical term or geographic name as entry element |
DERECHO CONSTITUCIONAL |
| 650 #0 - ASIENTO SECUNDARIO DE MATERIA - TERMINO TEMATICO |
| 9 (RLIN) |
1223 |
| Topical term or geographic name as entry element |
ACCION DE AMPARO |
| 650 #0 - ASIENTO SECUNDARIO DE MATERIA - TERMINO TEMATICO |
| 9 (RLIN) |
2070 |
| Topical term or geographic name as entry element |
ACCION DE INCONSTITUCIONALIDAD |
| 650 #0 - ASIENTO SECUNDARIO DE MATERIA - TERMINO TEMATICO |
| 9 (RLIN) |
1902 |
| Topical term or geographic name as entry element |
AMPARO POR MORA |
| 650 #0 - ASIENTO SECUNDARIO DE MATERIA - TERMINO TEMATICO |
| 9 (RLIN) |
2072 |
| Topical term or geographic name as entry element |
HABEAS DATA |
| 700 ## - ADDED ENTRY--PERSONAL NAME |
| 9 (RLIN) |
90 |
| Personal name |
Bidart Campos, Germán José |
| 700 ## - ADDED ENTRY--PERSONAL NAME |
| 9 (RLIN) |
2073 |
| Personal name |
Chaumet, Mario E. |
| 700 ## - ADDED ENTRY--PERSONAL NAME |
| 9 (RLIN) |
2074 |
| Personal name |
Menicocci, Alejandro A. |
| 700 ## - ADDED ENTRY--PERSONAL NAME |
| 9 (RLIN) |
2075 |
| Personal name |
Nicolau, Noemí L. |
| 700 ## - ADDED ENTRY--PERSONAL NAME |
| 9 (RLIN) |
763 |
| Personal name |
Sagüés, Néstor Pedro |
| Relator term |
prologuista |
| 700 ## - ADDED ENTRY--PERSONAL NAME |
| 9 (RLIN) |
2076 |
| Personal name |
Puccinelli, Oscar R. |
| 700 ## - ADDED ENTRY--PERSONAL NAME |
| 9 (RLIN) |
2077 |
| Personal name |
Serra, María M. |
| 700 ## - ADDED ENTRY--PERSONAL NAME |
| 9 (RLIN) |
2078 |
| Personal name |
Toricelli, Maximiliano |
| Relator term |
coordinador |
| 942 ## - ADDED ENTRY ELEMENTS (KOHA) |
| Source of classification or shelving scheme |
|
| Koha item type |
Libros |
| Classification part |
347.9:342.4 |
| Item part |
BID |